Pod hladinou moře /

Uloženo v:
Hlavní autor: Babin, Stéphanie (Autor)
Další autoři: Choux, Nathalie, 1967- (Autor), Jansová, Markéta, 1982- (Ilustrátor)
Médium: Kniha
Jazyk:Czech
Vydáno: Praha : Svojtka & Co., s.r.o., 2020
Vydání:První české vydání
Edice:Poznávej dotykem
Témata:
Celkem bylo vypůjčeno:0x
Příbuzné jednotky:Název anglického překladu:: Ocean
Tagy:
Žádné tagy
LEADER 02146cam a2200553 i 4500
001 106282
003 CZ PrNK
005 20260511104452.0
007 ta
008 200721s2020 xr a a 000 u cze d
015 |a cnb003239134 
020 |a 9788025627846  |q (vázáno) 
040 |a CBA001  |b cze  |d ABG001  |d OLA001  |d BOA001  |e rda 
041 1 |a cze  |k eng  |h fre 
072 7 |a 591  |x Obecná zoologie  |2 Konspekt  |9 2 
072 7 |a 0/9-053.2  |x Literatura pro děti a mládež (naučná)  |2 Konspekt  |9 26 
080 |a 591.9(26)  |2 MRF 
080 |a (0.025.2)  |2 MRF 
080 |a (0.02)159.935  |2 MRF 
080 |a (0.053.2)  |2 MRF 
100 1 |a Babin, Stéphanie  |7 ola20201063778  |4 aut  |9 117317 
240 1 0 |a Animaux de l'océan.  |l Česky 
245 1 0 |a Pod hladinou moře /  |c Stéphanie Babin ; ilustrace Nathalie Choux 
250 |a První české vydání 
264 1 |a Praha :  |b Svojtka & Co., s.r.o.,  |c 2020 
300 |a 14 nečíslovaných stran :  |b barevné ilustrace ;  |c 21 x 24 cm 
336 |a text  |b txt  |2 rdacontent 
336 |a statický obraz  |b sti  |2 rdacontent 
337 |a bez média  |b n  |2 rdamedia 
338 |a svazek  |b nc  |2 rdacarrier 
490 1 |a Poznávej dotykem 
500 |a Z anglického překladu francouzského originálu přeložila Markéta Jansová 
500 |a Kartonové listy s odklápěcími okénky a výřezy s hmatovými prvky 
650 0 7 |a mořští živočichové  |7 ph123031  |2 czenas 
650 0 9 |a sea animals  |2 eczenas 
655 7 |a leporela  |7 fd132727  |2 czenas  |9 53691 
655 7 |a taktilní knihy  |7 fd1019934  |2 czenas 
655 7 |a publikace pro děti  |7 fd133156  |2 czenas  |9 23 
655 9 |a folding picture-books  |2 eczenas 
655 9 |a tactile books  |2 eczenas 
655 9 |a children's literature  |2 eczenas 
700 1 |a Choux, Nathalie,  |d 1967-  |7 xx0200182  |4 ill  |9 109747 
700 1 |a Jansová, Markéta,  |d 1982-  |7 pna2005292368  |4 trl  |9 108093 
765 0 8 |i Název anglického překladu:  |t Ocean 
830 0 |a Poznávej dotykem 
910 |a UOG502 
942 |2 ddc  |c KN 
999 |d 106282 
993 |0 0  |1 421180107006  |2 ddc  |4 0  |7 0  |9 99649  |b 0  |c 107006  |d 2026-05-11  |e 0  |f M  |h 299.00  |i Koupě  |l M  |r 2026-05-11  |t 7  |w 2026-05-11  |y KN  |z LEPO  |n